| 000 | 02401aam a2200409 a 4500 | ||
|---|---|---|---|
| 003 | BLK | ||
| 005 | 20250426094424.0 | ||
| 008 | 181012b bu ||||| |||| 00| 0 bu d | ||
| 020 | _a9786197688221 | ||
| 040 | _aBLK | ||
| 041 |
_aBUL _cBUL |
||
| 080 |
_aВоенна история - Военни походи, битки, героични подвизи. Вж и 93/99 _b355.48 _x(497.2)(092) _z355.48(497.2)(092) |
||
| 080 |
_aБългарската държава през ХVІІІ и ХІХ вв. _b94(497.2)"18/19" _z94(497.2)"18/19"(092) |
||
| 080 |
_aБългарски офицер, ръководил българските части по време на успешната отбранителна операция при Дойран по време на Първата световна война (1888 - 1920) _b929 Вазов, Владимир Минчов _z929 Вазов, Владимир Минчов |
||
| 080 |
_aБългарски и руски офицер (генерал-лейтенант) (1860-1934) _b929 Вазов, Георги Минчов _z929 Вазов, Георги Минчов |
||
| 100 |
_aВазов, Владимир Минчов _eпърви автор _9383782 |
||
| 139 |
_aВазов, Владимир Минчов _bВ 14 |
||
| 245 |
_aБратята генерали разказват _bспомени на Владимир и Георги Вазови _cпредг. Владислав Карагеоргиев |
||
| 260 |
_bБИ 93 _c2024 _aСофия _9220482 _n954-90275- _dБългарска история |
||
| 300 |
_a283 с. _bс ил. _c21 см |
||
| 380 | _a3 | ||
| 500 | _aВ кн. погрешно отпеч. 3. изд. | ||
| 600 | 0 |
_9383782 _aВазов, Владимир Минчов |
|
| 600 | 1 | 4 |
_944969 _aВазов, Георги Минчов |
| 650 | 0 |
_9251303 _aБългария - военна история - спомени |
|
| 650 | 0 |
_9268741 _aПълководци и генерали, български |
|
| 653 | 7 |
_9183909 _aгенерали |
|
| 700 | 1 |
_944969 _aВазов, Георги Минчов |
|
| 700 |
_9494412 _aКарагеоргиев, Владислав Насков |
||
| 852 |
_aЦб 324179 _bЦб |
||
| 942 |
_cKNG _2udc _n0 _06 _s1 |
||
| 944 |
_cНора Радева _k30540 _lСевдалина Тодорова |
||
| 999 |
_c516773 _d516773 |
||
| 999 | _d516773 | ||
| 999 | _d516773 | ||
| 999 | _d516773 | ||
| 999 | _d516773 | ||